| 000 -CABECERA |
| Campo de control de longitud fija |
00517nam a22001697a 4500 |
| 005 - FECHA Y HORA DE LA ÚLTIMA TRANSACCIÓN |
| Campo de control |
20240215171820.0 |
| 008 - CAMPO FIJO DE DESCRIPCIÓN FIJA--INFORMACIÓN GENERAL |
| Campo de control de longitud fija |
240215b ||||| |||| 00| 0 eng d |
| 020 ## - ISBN (INTERNATIONAL STANDARD BOOK NUMBER) |
| ISBN |
9788419245700 |
| 040 ## - FUENTE DE CATALOGACIÓN |
| Agencia de catalogación original |
CDMR |
| 100 ## - ENCABEZAMIENTO PRINCIPAL--NOMBRE PERSONAL |
| 9 (RLIN) |
4932 |
| Nombre de persona |
Llimós, Albert |
| 245 ## - MENCIÓN DE TÍTULO |
| Título |
Intocables |
| Parte restante del título |
: quan el poder es transforma en abús |
| Mención de responsabilidad, etc. |
/ Albert Llimós Bifet |
| 260 ## - PUBLICACIÓN, DISTRIBUCIÓN, ETC (PIE DE IMPRENTA) |
| Lugar de publicación, distribución, etc. |
Barcelona |
| Nombre del editor, distribuidor, etc. |
: La Campana |
| Fecha de publicación, distribución, etc. |
, 2024 |
| 300 ## - DESCRIPCIÓN FÍSICA |
| Extensión |
195 pàgines |
| 650 #0 - ASIENTO SECUNDARIO DE MATERIA--TÉRMINO DE MATERIA |
| 9 (RLIN) |
4933 |
| Nombre de materia o nombre geográfico como elemento de entrada |
Delictes sexuals |
| Subdivisión geográfica |
Catalunya |
| 650 #0 - ASIENTO SECUNDARIO DE MATERIA--TÉRMINO DE MATERIA |
| 9 (RLIN) |
4934 |
| Nombre de materia o nombre geográfico como elemento de entrada |
Autoritarisme |
| Subdivisión geográfica |
Catalunya |
| 942 ## - ELEMENTOS KOHA |
| Fuente de clasificación o esquema de ordenación en estanterías |
|
| Koha tipo de item |
Monografies |